Best 25 White NBA Players of All Time - Statistics

General Stats
  • This quiz has been taken 147 times
  • The average score is 12 of 25
Answer Stats
Hint Answer % Correct
1. Larry Bird
95%
7. Luka Doncic
82%
2. Dirk Nowitzki
81%
4. Nikola Jokic
73%
5. John Stockton
66%
13. Bob Cousy
65%
3. Jerry West
65%
6. Steve Nash
65%
10. Kevin McHale
56%
9. John Havlicek
52%
17. George Mikan
46%
15. Bob Pettit
44%
23. Marc Gasol
44%
14. Pau Gasol
44%
18. Kevin Love
41%
12. Bill Walton
40%
19. Jason Williams
40%
8. Pete Maravich
37%
11. Rick Barry
31%
24. Domantas Sabonis
29%
21. Arvydas Sabonis
27%
16. Chris Mullin
24%
22. Mark Price
24%
20. Peja Stojakovic
23%
25. Jerry Lucas
9%
No matching quizzes found
Score Distribution
Percent of People with Each Score
Percentile by Number Answered
Your Score History
You have not taken this quiz